Southville International School and Colleges
Your cart is empty.
  • Cart
  • Lists
    Public lists Eva Luna New books Lux_list list_1
    Your lists Log in to create your own lists
  • Log in to your account
  • Your cookies
  • Search history
Southville International School and Colleges
  • Advanced search
  • Recent comments
  • Most popular
  • Libraries

Log in to your account

Log in with GOOGLE


If you do not have an external account, but do have a local account, you can still log in:

  1. Home
  2. MARC view: Rapid instruction-based task learning (RITL) in schizophrenia
Normal view MARC view ISBD view

Rapid instruction-based task learning (RITL) in schizophrenia (Record no. 361847)

[ view plain ]
MARC details
000 -LEADER
fixed length control field 00645nam a2200193Ia 4500
008 - FIXED-LENGTH DATA ELEMENTS--GENERAL INFORMATION
fixed length control field 190511s9999 xx 000 0 und d
100 ## - MAIN ENTRY--PERSONAL NAME
Personal name Sheffield, Julia M.
245 ## - TITLE STATEMENT
Title Rapid instruction-based task learning (RITL) in schizophrenia
245 ## - TITLE STATEMENT
Statement of responsibility, etc Julia M. Sheffield, Hannes Ruge, Sridhar Kandala, and Deanna M. Barch.--
260 ## - PUBLICATION, DISTRIBUTION, ETC. (IMPRINT)
Name of publisher, distributor, etc American Psychological Association
260 ## - PUBLICATION, DISTRIBUTION, ETC. (IMPRINT)
Date of publication, distribution, etc 2018
300 ## - PHYSICAL DESCRIPTION
Extent Pages 513-528, July 2018
440 ## - SERIES STATEMENT/ADDED ENTRY--TITLE
Title Journal of Abnormal Psychology
Volume number/sequential designation 127(5)
650 ## - SUBJECT ADDED ENTRY--TOPICAL TERM
Topical term or geographic name as entry element Generalized cognitive deficit
650 ## - SUBJECT ADDED ENTRY--TOPICAL TERM
Topical term or geographic name as entry element LPFC
650 ## - SUBJECT ADDED ENTRY--TOPICAL TERM
Topical term or geographic name as entry element RITL
650 ## - SUBJECT ADDED ENTRY--TOPICAL TERM
Topical term or geographic name as entry element Schizophrenia
856 ## - ELECTRONIC LOCATION AND ACCESS
Uniform Resource Identifier <a href="www.apa.org/pubs/journals/abn">www.apa.org/pubs/journals/abn</a>
Holdings
Withdrawn status Lost status Damaged status Home library Current library Date acquired Total Checkouts Date last seen Price effective from Koha item type
      College Library College Library 05/11/2019   05/11/2019 05/11/2019 Periodicals

Rapid instruction-based task learning (RITL) in schizophrenia

APA

Sheffield J. M., .Rapid instruction-based task learning (RITL) in schizophrenia. : American Psychological Association.

Chicago

Sheffield Julia M, .Rapid instruction-based task learning (RITL) in schizophrenia. : American Psychological Association.

Harvard

Sheffield J. M., .Rapid instruction-based task learning (RITL) in schizophrenia. : American Psychological Association.

MLA

Sheffield Julia M, .: American Psychological Association. .

  • Place hold
  • Print
  • Cite
  • Add to your cart (remove)
  • Save record
    BIBTEX Dublin Core MARCXML MARC (non-Unicode/MARC-8) MARC (Unicode/UTF-8) MARC (Unicode/UTF-8, Standard) MODS (XML) RIS
  • More searches
    Search for this title in:
    Other Libraries (WorldCat) Other Databases (Google Scholar) Online Stores (Bookfinder.com) Open Library (openlibrary.org)

Exporting to Dublin Core...

SOUTHVILLE LIBRARY

Southville International School and Colleges Library

1281 Tropical Ave. Cor. Luxembourg St., BF Homes International, Las Pinas City

Tel. No. 8256374 / 252358 Loc. 117/146

Powered by Koha